[Event "9th Schachtuerken Cup"]
[Site "Paderborn GER"]
[Date "2012.12.28"]
[Round "4.5"]
[White "Schmitz,Philipp"]
[Black "Kaufeld,J"]
[Result "1/2-1/2"]
[WhiteElo "2108"]
[BlackElo "2328"]

1.e4 c5 2.Nf3 d6 3.d4 cxd4 4.Nxd4 Nf6 5.Nc3 Nc6 6.Bg5 Bd7 7.Be2 e6 8.O-O a6
9.Qd2 Be7 10.Rad1 Nxd4 11.Qxd4 Bc6 12.f4 Qa5 13.b4 Qc7 14.e5 dxe5 15.fxe5 Nd5  1/2-1/2

[Event "2nd Erfurter WGM"]
[Site "Erfurt GER"]
[Date "2012.12.29"]
[Round "8.2"]
[White "Gaponenko,I"]
[Black "Ohme,M"]
[Result "1/2-1/2"]
[WhiteElo "2405"]
[BlackElo "2322"]

1.e4 c5 2.Nf3 Nc6 3.d4 cxd4 4.Nxd4 Nf6 5.Nc3 d6 6.Bg5 e6 7.Qd2 Qb6 8.Nb3 Be7
9.O-O-O O-O 10.f3 a6 11.h4 Rd8 12.h5 h6 13.Be3 Qc7 14.Qf2 d5 15.Bb6 Qf4+
16.Kb1 Rd7 17.g3 Qb8 18.exd5 Nxd5 19.Nxd5 Rxd5 20.Bc4 Rxd1+ 21.Rxd1 Qe5 22.g4 Qf4
23.Be2 a5 24.Be3 Qc7 25.Bb6 Qf4 26.Be3 Qb8 27.f4 a4 28.Nd4 a3 29.b3 Nb4 30.Nb5 Nd5
31.Rxd5 exd5 32.Ba7 Rxa7 33.Qxa7 Qxa7 34.Nxa7 Bd7 35.Nb5 Bc5 36.Nc7 d4 37.Nd5 Bc6
38.Bf3 Kf8 39.Kc1 Ke8 40.Kd2 Kd7 41.Ke2 b5 42.f5 Bxd5 43.Bxd5 f6 44.Kd3 Kd6
45.Ke4 b4 46.Bf7 Bb6 47.Be6 Ba7 48.Bc4 Bb6 49.Be2 Ba7 50.Bc4  1/2-1/2

[Event "XXIII Krakow Open"]
[Site "Krakow POL"]
[Date "2013.01.02"]
[Round "7.20"]
[White "Hirneise,J"]
[Black "Lewtak,Da"]
[Result "0-1"]
[WhiteElo "2327"]
[BlackElo "2195"]

1.e4 c5 2.Nf3 Nc6 3.d4 cxd4 4.Nxd4 Nf6 5.Nc3 d6 6.Bg5 e6 7.Qd2 a6 8.O-O-O Bd7
9.f3 b5 10.Nxc6 Bxc6 11.Ne2 Be7 12.h4 h6 13.Be3 h5 14.Nd4 Bd7 15.Qe1 Qc7
16.Kb1 Rc8 17.Bd3 e5 18.Nf5 Bxf5 19.exf5 d5 20.c3 Rb8 21.Bc2 O-O 22.Bb3 b4
23.cxb4 Rxb4 24.Bd2 Rb5 25.Ba4 Rb7 26.Rc1 Qb8 27.b3 d4 28.Qg3 Kh8 29.Rc6 Nd5
30.Rhc1 Bb4 31.f6 g6 32.Bh6 Rg8 33.Bg7+ Kh7 34.Rc8 Rxc8 35.Rxc8 Qxc8 36.Qg5 Bd2
37.Qxd2 Ne3 38.a3 Qf5+ 39.Ka2 Qc2+ 40.Qxc2 Nxc2 41.Kb2 Ne3 42.Bc6 d3 43.Kc3 Rxb3+  0-1

[Event "25th Staufer Open"]
[Site "Schwaebisch Gmuend GER"]
[Date "2013.01.02"]
[Round "1.6"]
[White "Schlachetzki,H"]
[Black "Krivoborodov,E"]
[Result "0-1"]
[WhiteElo "1919"]
[BlackElo "2513"]

1.e4 c5 2.Nf3 Nc6 3.d4 cxd4 4.Nxd4 Nf6 5.Nc3 d6 6.Bg5 Qb6 7.Nb3 e6 8.Be3 Qc7
9.Be2 Be7 10.O-O O-O 11.f4 a6 12.a4 b6 13.Bf3 Bb7 14.Qd2 Nd7 15.Qf2 Nc5 16.Nd4 Nb4
17.Rfd1 Rac8 18.Rd2 Qb8 19.Kh1 Qa8 20.e5 dxe5 21.Bxb7 Qxb7 22.fxe5 Rc7 23.Rf1 Ne4
24.Nxe4 Qxe4 25.Qf4 Qg6 26.Nf3 Nd5 27.Rxd5 exd5 28.Nd4 Bc5 29.c3 Bxd4 30.Bxd4 Rc6
31.Qf2 Qd3 32.Kg1 Ra8 33.h3 Qg6 34.Qf3 Qe4 35.Qf2 Rg6 36.Kh1 h6 37.Kh2 h5
38.Qf3 Qc2 39.Rf2 Qxa4 40.Qxh5 Qc6 41.Qf5 Qe6 42.Qf3 a5 43.Qd3 Qc6 44.Qe3 b5
45.Rf3 Rc8 46.Qf2 Qe6 47.Qd2 Rc4 48.Qe2 a4 49.Qd2 Qe7 50.Qf2 b4 51.cxb4 Qxb4
52.Bc3 Qe7 53.Qb6 Rxb6  0-1

[Event "XXIII Krakow Open"]
[Site "Krakow POL"]
[Date "2013.01.03"]
[Round "8.13"]
[White "Hirneise,T"]
[Black "Wieczorek,O"]
[Result "0-1"]
[WhiteElo "2457"]
[BlackElo "2316"]

1.e4 c5 2.Nf3 d6 3.d4 cxd4 4.Nxd4 Nf6 5.Nc3 Nc6 6.Bg5 Bd7 7.Bxf6 gxf6 8.Nb3 Rc8
9.Qh5 a6 10.Bd3 Ne5 11.O-O Rg8 12.Kh1 Rg5 13.Qe2 Nxd3 14.cxd3 e6 15.f4 Rg6
16.f5 Rh6 17.d4 b5 18.a3 Qb6 19.fxe6 fxe6 20.d5 e5 21.Qf3 Rg6 22.Qh5 Kf7
23.Qh4 Bh6 24.Rf3 Kg7 25.Raf1 Bg5 26.Qf2 Qxf2 27.R1xf2 h5 28.Na5 Kf7 29.Na2 h4
30.Rc3 Rxc3 31.Nxc3 h3 32.Nc6 Be3 33.Re2 hxg2+ 34.Rxg2 Bg4  0-1

[Event "XLII Rilton Cup"]
[Site "Stockholm SWE"]
[Date "2013.01.03"]
[Round "7.25"]
[White "Johansen,St"]
[Black "Lissang,C"]
[Result "0-1"]
[WhiteElo "2018"]
[BlackElo "2257"]

1.e4 c5 2.Nf3 d6 3.d4 cxd4 4.Nxd4 Nf6 5.Nc3 Nc6 6.Bg5 Bd7 7.Qd2 Rc8 8.f4 Nxd4
9.Qxd4 Qa5 10.e5 dxe5 11.fxe5 e6 12.exf6 Qxg5 13.Ne4 Qa5+ 14.c3 g6 15.O-O-O Ba4
16.Bc4 Rd8 17.Qxd8+ Qxd8 18.Rxd8+ Kxd8 19.Ng5 Ke8 20.h4 Bc6 21.Kc2 Bd6 22.Re1 Bg3
23.Re2 Bxh4 24.Nxf7 Kxf7 25.Rxe6 Kf8 26.Rd6 Be8 27.Rd8 Bxf6 28.Rb8 b6 29.Kd3 Ke7
30.Rb7+ Kd6  0-1

[Event "18th Bosnjaci Open"]
[Site "Bosnjaci CRO"]
[Date "2013.01.04"]
[Round "2.4"]
[White "Fercec,N"]
[Black "Ozanic,M"]
[Result "1-0"]
[WhiteElo "2493"]
[BlackElo "2134"]

1.e4 c5 2.Nf3 Nc6 3.d4 cxd4 4.Nxd4 Nf6 5.Nc3 d6 6.Bg5 a6 7.Qd2 e6 8.O-O-O Be7
9.f3 Nxd4 10.Qxd4 O-O 11.h4 Ne8 12.Bxe7 Qxe7 13.Qb6 Qd7 14.Rd4 Qc6 15.Rb4 f6
16.Qxc6 bxc6 17.Rb6 c5 18.Bc4 g6 19.Bb3 Rf7 20.Ne2 Rc7 21.Nf4 Kf7 22.Bc4 Ke7
23.g4 Ng7 24.Rd1 Rd7 25.h5 g5 26.h6 gxf4 27.hxg7 Bb7 28.Rh1 Rg8 29.Rxh7 d5
30.exd5 exd5 31.Rxb7 dxc4 32.Rxd7+ Kxd7 33.Kd2 Ke6 34.Kc3 Kf7 35.Kxc4 Kg6
36.Rh5 Rxg7 37.Rxc5 Re7 38.Rf5 Re2 39.Rxf4 Rxc2+ 40.Kb3  1-0

[Event "Australian Open 2013"]
[Site "Cammeray AUS"]
[Date "2013.01.05"]
[Round "4.6"]
[White "Sukandar,I"]
[Black "Johansen,D"]
[Result "1/2-1/2"]
[WhiteElo "2362"]
[BlackElo "2441"]

1.e4 c5 2.Nf3 Nc6 3.d4 cxd4 4.Nxd4 Nf6 5.Nc3 d6 6.Bg5 e6 7.Qd2 a6 8.O-O-O Bd7
9.f4 b5 10.Nxc6 Bxc6 11.Bd3 Qb6 12.Rhe1 h6 13.Bxf6 gxf6 14.Nd5 Bxd5 15.exd5 e5
16.Bf5 Ra7 17.Re3 h5 18.Kb1 Bh6 19.g3 h4 20.Qe2 Kf8 21.Re4 hxg3 22.hxg3 Rc7
23.Rf1 Bg7 24.Re3 Rh2  1/2-1/2

[Event "18th Bosnjaci Open"]
[Site "Bosnjaci CRO"]
[Date "2013.01.09"]
[Round "9.16"]
[White "Sulc,Da"]
[Black "Monjac,M"]
[Result "0-1"]
[WhiteElo "2248"]
[BlackElo "2129"]

1.e4 c5 2.Nf3 d6 3.d4 cxd4 4.Nxd4 Nf6 5.Nc3 Nc6 6.Bg5 Bd7 7.f3 Nxd4 8.Qxd4 Qa5
9.Be3 g6 10.Qd2 Rc8 11.O-O-O Bg7 12.Kb1 O-O 13.Nd5 Qd8 14.Nxf6+ Bxf6 15.Bxa7 b6
16.Qb4 Qc7 17.Ba6 Ra8 18.Bxb6 Qc6 19.Bc4 Rab8 20.Bd5 Qxb6 21.Qxb6 Rxb6 22.b3 Re8  0-1

[Event "ch-BLR w 2013"]
[Site "Minsk BLR"]
[Date "2013.01.11"]
[Round "2.3"]
[White "Nevioselaya,M"]
[Black "Brovko,N"]
[Result "0-1"]
[WhiteElo "2065"]
[BlackElo "1984"]

1.e4 c5 2.Nf3 Nc6 3.d4 cxd4 4.Nxd4 Nf6 5.Nc3 d6 6.Bg5 Qa5 7.Bxf6 gxf6 8.Qd2 h5
9.Nb3 Qd8 10.f4 Bg7 11.O-O-O f5 12.e5 O-O 13.exd6 exd6 14.Qxd6 Be6 15.g3 Qf6
16.Be2 a5 17.Na4 Nb4 18.Kb1 Rfc8 19.c3 Rc6 20.Qd4 Qe7 21.Qd2 Bd5 22.cxb4 Bxh1
23.bxa5 Qe4+ 24.Qd3 Qxa4 25.Rxh1 Rac8 26.Bd1 Qb4 27.Qe2 Re6 28.Qg2 Rce8 29.a3 Qd6
30.Qd2 Qc6 31.Rf1 Re3 32.Ka2 Qe6 33.Rf3 Re1 34.Rd3 Qf6 35.Bxh5 Qc6 36.Rd7 R1e7
37.Rxe7 Rxe7 38.Qd3 Qg2 39.Qd8+ Kh7 40.Nd4 Qe4 41.Nb3 Qe6 42.Qd3 Qf6 43.Qc2 Rc7
44.Qg2 Qe6 45.Bd1 Qe1 46.Bf3 Qe7 47.Qh3+ Kg8 48.Qxf5 Qe3 49.Qe4 Qf2 50.Be2 Bf6
51.Qd3 Re7 52.Nc1 Qe1 53.Qc4 Qd2 54.Qc8+ Kg7 55.Qg4+ Kf8 56.Qc8+ Re8 57.Qxb7 Qxc1
58.Bh5 Re7 59.Qb4 Kg7 60.a6 Re1 61.a7 Qb1+ 62.Kb3 Qxb2+ 63.Ka4 Qc2+ 64.Kb5 Re8
65.Ka6 Qc8+ 66.Kb6 Re6+ 67.Kb5 Qc6+  0-1

[Event "TCh-CZE Div1 Zapad 2012-13"]
[Site "Czech Republic CZE"]
[Date "2013.01.13"]
[Round "5.4"]
[White "Schula,M"]
[Black "Likavsky,T"]
[Result "1/2-1/2"]
[WhiteElo "2291"]
[BlackElo "2449"]

1.e4 c5 2.Nf3 d6 3.d4 cxd4 4.Nxd4 Nf6 5.Nc3 Nc6 6.Bg5 e6 7.Qd2 a6 8.O-O-O Be7
9.f3 Nxd4 10.Qxd4 b5 11.h4 Bb7 12.Qd2 Qc7 13.Bd3 Rc8 14.g4 O-O 15.Ne2 d5
16.e5 Ne4 17.Bxe4 dxe4 18.Bxe7 Qxe7 19.Nd4 exf3 20.Qe3 Qc5 21.Rh2 Rfd8 22.Rhd2 b4
23.Qf4 Rd5 24.Nxf3 Qa5 25.Kb1 Rxd2 26.Nxd2 Bd5 27.Nb3 Qc7 28.Nd4 a5 29.g5 a4
30.Qe3 b3 31.cxb3 axb3 32.axb3 Qc5 33.Rd3 Ra8 34.Rc3 Qa7 35.Kc2 Qa1 36.Qc1 Qa6
37.Kd2 g6 38.Ke3 Rb8 39.Qc2 Kg7 40.Qf2 Qa7 41.Kf4 Rb4 42.Kg3 Qb8 43.Qf4 Rb7
44.Kg4 Bxb3 45.Rxb3 Rxb3 46.Nxb3 Qxb3 47.Qf6+ Kg8 48.Qd8+ Kg7 49.Qf6+ Kg8
50.Qd8+ Kg7 51.Qf6+  1/2-1/2

[Event "ch-BLR w 2013"]
[Site "Minsk BLR"]
[Date "2013.01.15"]
[Round "6.5"]
[White "Revo,T"]
[Black "Brovko,N"]
[Result "1-0"]
[WhiteElo "2057"]
[BlackElo "1984"]

1.e4 c5 2.Nf3 Nc6 3.d4 cxd4 4.Nxd4 Nf6 5.Nc3 d6 6.Bg5 Qb6 7.Nb3 a6 8.Qd2 h6
9.Be3 Qc7 10.O-O-O e6 11.f3 Be7 12.g4 b5 13.h4 Bb7 14.Bd3 Nd7 15.Kb1 Nce5
16.Nd4 Nc4 17.Bxc4 Qxc4 18.g5 hxg5 19.hxg5 Rxh1 20.Rxh1 Nf8 21.a3 O-O-O 22.Nb3 Qc7
23.Qf2 Nd7 24.a4 b4 25.Na2 d5 26.c3 Qc4 27.Na5 Qd3+ 28.Ka1 dxe4 29.cxb4 Kb8
30.Nc3 Ne5 31.Bf4 f6 32.Qb6 Qd7 33.Rc1 exf3 34.b5 Rc8 35.Be3 Bc5 36.Bxc5 Rxc5
37.Nxb7 Qxb7 38.Qxc5 f2 39.Qxf2  1-0

[Event "Dvorkovich Mem 2013"]
[Site "Taganrog RUS"]
[Date "2013.01.16"]
[Round "2.24"]
[White "Kuzovlev,Mikhail"]
[Black "Demianjuk,A"]
[Result "0-1"]
[WhiteElo "2182"]
[BlackElo "2340"]

1.e4 c5 2.Nf3 d6 3.d4 cxd4 4.Nxd4 Nf6 5.Nc3 Nc6 6.Bg5 e6 7.Qd2 a6 8.O-O-O Bd7
9.f3 Be7 10.Nb3 b5 11.a3 Rc8 12.Bxf6 gxf6 13.f4 Qb6 14.f5 Ne5 15.fxe6 fxe6
16.Nd4 O-O 17.Re1 Nc4 18.Bxc4 Rxc4 19.Nf5 exf5 20.Nd5 Qd8 21.exf5 Rf7 22.g4 Bc6
23.Rhg1 Bxd5 24.Qxd5 Rc5 25.Qd4 Re5 26.Rd1 Kh8 27.h4 Qc7 28.g5 fxg5 29.hxg5 Rxf5
30.g6 Bg5+ 31.Kb1 hxg6 32.Qxd6 Qxd6 33.Rxd6 Kg7 34.Rxa6 Bf6 35.Rg4 g5 36.a4 Rf4
37.Rxf4 gxf4 38.axb5 f3  0-1

[Event "5th Chennai Open 2013"]
[Site "Chennai IND"]
[Date "2013.01.18"]
[Round "5"]
[White "Siva Mahadevan"]
[Black "Singh,SV"]
[Result "1-0"]
[WhiteElo "1904"]
[BlackElo "2223"]

1.e4 c5 2.Nf3 d6 3.d4 cxd4 4.Nxd4 Nf6 5.Nc3 Nc6 6.Bg5 e6 7.Qd2 a6 8.O-O-O Bd7
9.f3 Be7 10.h4 O-O 11.g4 b5 12.Kb1 Rc8 13.Be3 Nxd4 14.Bxd4 Bc6 15.g5 Nd7
16.Bg2 Nc5 17.Qe3 Qc7 18.Qf2 Ba8 19.Rc1 Rb8 20.Qg3 b4 21.Ne2 e5 22.Be3 d5
23.exd5 Bxd5 24.b3 Rfc8 25.Rhd1 Be6 26.f4 Bf5 27.fxe5 Ne6 28.Rd2 Bc5 29.Bxc5 Qxc5
30.Qf3 g6 31.Ng3 Nd4 32.Qf2 Nb5 33.Rd8+ Rxd8 34.Qxc5 Rdc8 35.Qf2 Bxc2+ 36.Kb2 Bd3
37.Bd5  1-0

[Event "5th Chennai Open 2013"]
[Site "Chennai IND"]
[Date "2013.01.18"]
[Round "5"]
[White "Ziatdinov,R"]
[Black "Kiran,M"]
[Result "1-0"]
[WhiteElo "2354"]
[BlackElo "2179"]

1.e4 c5 2.Nf3 Nc6 3.d4 cxd4 4.Nxd4 Nf6 5.Nc3 d6 6.Bg5 e6 7.Qd2 Be7 8.O-O-O Nxd4
9.Qxd4 O-O 10.f4 Qa5 11.Bc4 Bd7 12.Bxf6 Bxf6 13.e5 Be7 14.exd6 Bf6 15.Qd3 Bc6
16.Ne4 Bxe4 17.Qxe4 Rfd8 18.Bb3 Qb6 19.d7 Qb5 20.Rd3 Rxd7 21.a4  1-0

[Event "5th Chennai Open 2013"]
[Site "Chennai IND"]
[Date "2013.01.19"]
[Round "7"]
[White "Swathi,G"]
[Black "Uma Maheswaran,P"]
[Result "1-0"]
[WhiteElo "2254"]
[BlackElo "1933"]

1.e4 c5 2.Nf3 d6 3.d4 cxd4 4.Nxd4 Nf6 5.Nc3 Nc6 6.Bg5 e6 7.Qd2 a6 8.O-O-O Bd7
9.f4 h6 10.Bxf6 gxf6 11.Kb1 b5 12.Nxc6 Bxc6 13.Bd3 Qb6 14.f5 b4 15.Ne2 e5
16.Ng3 h5 17.h4 Bh6 18.Qe2 Qe3 19.Rh3 Ke7 20.Qf1 Qd4 21.Nxh5 Bxe4 22.Ng3 Bc6
23.Be4 Qc5 24.Bxc6 Qxc6 25.Qe2 d5 26.Nf1 Rac8 27.Rhd3 Rhd8 28.g4 Bf4 29.Ne3 Bxe3
30.Rxe3 Qc4 31.Qg2 Rg8 32.g5 e4 33.Rde1 Kf8 34.b3 Qc7 35.g6 Qe5 36.Qh3 Rc3
37.h5 d4 38.Rxc3 bxc3 39.Qg4 e3 40.h6 fxg6 41.fxg6 Qe7 42.Qc8+ Qe8 43.Qxe8+ Kxe8
44.h7  1-0

[Event "Marianske Lazne Open 2013"]
[Site "Marianske Lazne CZE"]
[Date "2013.01.19"]
[Round "1.5"]
[White "Gungl,T"]
[Black "Vlasak,Lu"]
[Result "0-1"]
[WhiteElo "1885"]
[BlackElo "2326"]

1.e4 c5 2.Nf3 d6 3.d4 cxd4 4.Nxd4 Nf6 5.Nc3 Nc6 6.Bg5 e6 7.Qd2 a6 8.O-O-O Bd7
9.f4 b5 10.e5 dxe5 11.fxe5 Nxe5 12.Qe1 Ng6 13.Ndxb5 axb5 14.Bxb5 Ra7 15.Qd2 Be7
16.Qe3 Rb7 17.Bxf6 Bxf6 18.Qe4 Ra7 19.Bxd7+ Rxd7 20.Rxd7 Qxd7 21.Rd1 Qc8
22.Qa4+ Kf8 23.Nb5 Be7 24.Na7 Qe8 25.Qe4 f5 26.Qb7 Kf7 27.Nb5 Qb8 28.Qa6 Rd8
29.Re1 Qf4+ 30.Kb1 Qe5 31.Rc1 Nf4 32.a4 Ne2 33.Rf1 Nd4 34.Nc3 Rb8 35.Qc4 Rb4
36.Qd3 Qb8 37.b3 Rxb3+ 38.cxb3 Qxb3+  0-1

[Event "5th Chennai Open 2013"]
[Site "Chennai IND"]
[Date "2013.01.20"]
[Round "8"]
[White "Siva Mahadevan"]
[Black "Kiran,M"]
[Result "1/2-1/2"]
[WhiteElo "1904"]
[BlackElo "2179"]

1.e4 c5 2.Nf3 Nc6 3.d4 cxd4 4.Nxd4 Nf6 5.Nc3 d6 6.Bg5 e6 7.Qd2 Be7 8.O-O-O Nxd4
9.Qxd4 O-O 10.f4 Qa5 11.Kb1 Rd8 12.Bd3 Bd7 13.h4 Bc6 14.Qe3 Rd7 15.Qg3 Kh8
16.Rhe1 Rad8 17.f5 exf5 18.exf5 d5 19.Ne2 h6 20.Bd2 Qb6 21.Be3 d4 22.Bxd4 Rxd4
23.Nxd4 Bd6 24.Qf2 Ng4 25.Qe2 Qxd4 26.Bc4 Qf4 27.g3 Qxf5 28.Rf1 Qe4 29.Qxe4 Bxe4
30.Rd4 f5 31.Bd3 Bxd3 32.Rxd3 Nf6 33.Rxf5 Re8 34.Rf1 Bc5 35.a3 Re2 36.Kc1 Rg2
37.Rc3 Bd4 38.Rc7 b5 39.Rf3 a5 40.Rb7 Rg1+ 41.Kd2 Ne4+ 42.Kd3 Nc5+ 43.Kxd4 Nxb7
44.Rf8+ Kh7 45.Kd5 Rg2 46.Kc6 Rxc2+ 47.Kxb7 Rxb2 48.Kb6 a4 49.Ka5 Rb3 50.g4 Rxa3
51.Kxb5 Rg3 52.Rf4 a3 53.Ra4 Kg6 54.Kc5 Rh3 55.Ra6+ Kf7 56.h5 Rg3 57.Ra4 Ke6
58.Ra6+ Ke5 59.Ra4 Rd3 60.Ra7 Rd5+ 61.Kc6 Rd4 62.Rxa3 Rxg4 63.Rh3 Kf4 64.Kd5 Kf5
65.Rh1 Rg2 66.Rf1+ Kg5 67.Rh1 Re2 68.Rg1+ Kxh5 69.Rxg7 Kh4 70.Rg1 h5 71.Rh1+ Kg4
72.Rg1+ Kh3 73.Rh1+ Rh2 74.Rg1 h4 75.Ke4 Rg2 76.Rf1 Rg3 77.Rh1+ Kg4 78.Rf1 Ra3
79.Rg1+ Rg3 80.Rf1 Rg2 81.Ke3 h3 82.Rf4+ Kg3 83.Rf3+ Kh2 84.Rf1 Rg1 85.Kf2 Rg6
86.Ke2 Re6+ 87.Kf2 Re5 88.Kf3 Rf5+ 89.Ke2 Rg5 90.Kf2 Rg6 91.Kf3 Rg2 92.Re1 Rb2
93.Rf1 Rb4 94.Kf2 Rg4 95.Kf3 Rg2 96.Re1 Rg1 97.Re2+ Kh1 98.Rd2 Ra1 99.Kg3 Ra3+
100.Kf2 Kh2 101.Re2 Ra7 102.Kf3+ Kg1 103.Re1+ Kh2 104.Re2+  1/2-1/2

[Event "TCh-SVK Extraliga 2012-13"]
[Site "Slovakia SVK"]
[Date "2013.01.20"]
[Round "6.2"]
[White "Nayhebaver,Martin"]
[Black "Svana,P"]
[Result "1/2-1/2"]
[WhiteElo "2144"]
[BlackElo "2294"]

1.e4 c5 2.Nf3 d6 3.d4 Nf6 4.Nc3 cxd4 5.Nxd4 Nc6 6.Bg5 Bd7 7.Qd2 Rc8 8.f3 Qa5
9.Be3 a6 10.O-O-O Ne5 11.Kb1 e6 12.g4 b5 13.Nb3 Qc7 14.Qf2 b4 15.Bb6 Qb8
16.g5 bxc3 17.gxf6 gxf6 18.Bxa6 Rc6 19.Ba7 Qa8 20.Bb5 Rc7 21.Bb6 Rb7 22.Bxd7+ Nxd7
23.Bd4 cxb2 24.Bxb2 Rg8 25.Rhg1 Rg6 26.f4 Nc5 27.Qe2 Rb8 28.Rge1 Na4 29.f5 Rh6
30.Qg4 e5 31.h3 Qa7 32.Rd5 Qf2 33.Red1 Rh4 34.Qg8 Rxe4 35.Rxd6 Qxf5 36.Ba3 Nc3+
37.Ka1 Nxd1 38.Rxd1 Reb4 39.c3 Qc2 40.Re1 Qg6 41.Qh8 Kd7 42.Rd1+ Kc7 43.cxb4 Bxb4
44.Qxb8+ Kxb8 45.Bxb4 e4 46.Bc5 f5 47.a4 f4 48.Rd6 Qg3 49.a5 Kc7 50.Ka2 e3
51.Nd4 Qg2+ 52.Ka3 Qf1 53.Kb4 Qb1+ 54.Kc4 Qa2+ 55.Kb4 Qb2+ 56.Kc4 e2 57.Nb5+ Qxb5+
58.Kxb5 e1=Q 59.Rc6+ Kd7 60.Rd6+  1/2-1/2

[Event "ch-BLR 2013"]
[Site "Minsk BLR"]
[Date "2013.01.22"]
[Round "11"]
[White "Zhigalko,A"]
[Black "Lutsko,I"]
[Result "1/2-1/2"]
[WhiteElo "2589"]
[BlackElo "2371"]

1.e4 c5 2.Nf3 d6 3.d4 cxd4 4.Nxd4 Nf6 5.Nc3 Nc6 6.Bg5 e6 7.Qd2 a6 8.O-O-O Bd7
9.f3 Qc7 10.Kb1 Be7 11.Be3 h5 12.Nxc6 Bxc6 13.Ne2 d5 14.e5 Nd7 15.f4 Bb5
16.Nd4 Bxf1 17.Rhxf1 g6 18.g3 Nc5 19.h3 Ne4 20.Qg2 b5 21.g4 hxg4 22.hxg4 O-O-O
23.Nf3 Kb8 24.Rh1 Bc5 25.Bc1 a5 26.f5 gxf5 27.Rxh8 Rxh8 28.gxf5 a4 29.Nd2 exf5
30.Qf1 Qd7 31.Nf3 Kb7 32.a3 Nf2 33.Rd2 Ng4 34.Rd3 Qc6 35.Rc3 Qb6 36.b4 axb3
37.Rxb3 Kc6 38.Ng5 Nf2 39.Nxf7 Rh1 40.Qe2 Qa5 41.Nd8+ Kb6 42.Nb7 Re1 43.Qxf2 Bxf2
44.Nxa5 Kxa5 45.Rf3 Bc5 46.e6 d4 47.Kb2 Ka4 48.Bd2 Rxe6 49.Rxf5 Bxa3+ 50.Ka2 Re2
51.Rf3 Bc5 52.Rd3 Rf2 53.Kb2 Rf1 54.c3 dxc3+ 55.Bxc3 Ba3+ 56.Kc2 b4 57.Bd2 Ra1
58.Rd4 Ra2+ 59.Kd3 Kb3 60.Re4 Ka4 61.Rg4 Ra1 62.Kc2 Rh1 63.Re4 Rh5 64.Kd3 Kb3
65.Be1 Rb5 66.Bd2 Rb7 67.Rc4 Ka2 68.Bxb4 Bxb4 69.Kc2 Ba3 70.Rc6 Rb1 71.Ra6 Rc1+
72.Kd2 Rc8 73.Rb6 Bb2 74.Kd3 Kb1 75.Rg6 Be5 76.Re6 Rc5 77.Rb6+ Kc1 78.Rg6 Rc3+
79.Ke4 Bg3 80.Ra6 Rb3 81.Ra2 Rb4+ 82.Kd3 Be5 83.Rc2+ Kb1 84.Re2 Bf6 85.Rf2 Rd4+
86.Ke3 Rd6 87.Rg2 Bb2 88.Ke4 Bc1 89.Ke5 Rd8 90.Rg6 Bb2+ 91.Ke4 Kc2 92.Rg2+ Kb3
93.Rg6 Bd4 94.Rc6 Kb4 95.Rc2 Bc3 96.Rg2 Kc4 97.Rg4 Rd3 98.Rg8 Rd4+ 99.Ke3 Bb4
100.Re8 Bd2+ 101.Ke2 Bg5 102.Rc8+ Kd5 103.Re8 Bf4 104.Rd8+ Bd6 105.Ke3 Rh4
106.Kd3 Rh3+ 107.Ke2 Ke5 108.Kd2 Bb4+ 109.Kc2 Bc5 110.Rd3 Rh8 111.Rd7 Bd4
112.Kd3 Bc5 113.Kc4 Bd6 114.Kd3 Kd5 115.Ke2 Rh3 116.Rd8 Ke5 117.Kd2 Bb4+
118.Kc2 Rc3+ 119.Kb2 Rc6  1/2-1/2

[Event "5th Chennai Open 2013"]
[Site "Chennai IND"]
[Date "2013.01.23"]
[Round "11"]
[White "Kiran,M"]
[Black "Uma Maheswaran,P"]
[Result "1-0"]
[WhiteElo "2179"]
[BlackElo "1933"]

1.e4 c5 2.Nf3 d6 3.d4 cxd4 4.Nxd4 Nf6 5.Nc3 Nc6 6.Bg5 e6 7.Qd2 a6 8.O-O-O Bd7
9.f3 Be7 10.Kb1 O-O 11.h4 Nxd4 12.Qxd4 Bc6 13.g4 b5 14.Qd2 Rc8 15.Bd3 Nd7
16.Bxe7 Qxe7 17.g5 Ne5 18.f4 Nxd3 19.cxd3 Qb7 20.h5 d5 21.h6 g6 22.Rhe1 b4
23.exd5 exd5 24.Ne2 Qb6 25.f5 Bd7 26.Ng3 b3 27.axb3 Qxb3 28.Qf2 Bb5 29.Qd4 f6
30.Rd2 Rc7 31.fxg6 hxg6 32.gxf6 Rfc8 33.Nf1 a5 34.Ne3 Kh7 35.Nxd5 Rd8  1-0

[Event "9th Panamerican Team"]
[Site "Campinas BRA"]
[Date "2013.01.26"]
[Round "3.3"]
[White "Robson,R"]
[Black "Larrea,M"]
[Result "1-0"]
[WhiteElo "2615"]
[BlackElo "2261"]

1.e4 c5 2.Nf3 Nc6 3.d4 cxd4 4.Nxd4 Nf6 5.Nc3 d6 6.Bg5 e6 7.Qd2 Be7 8.O-O-O O-O
9.f4 h6 10.h4 Nxd4 11.Qxd4 Qc7 12.Be2 Rd8 13.Qe3 a6 14.Bd3 d5 15.Bxf6 Bxf6
16.e5 Be7 17.g4 Bd7 18.Ne2 Bb5 19.Kb1 Bc4 20.Qf3 Bxd3 21.cxd3 Qb6 22.d4 Bf8
23.g5 h5 24.g6 fxg6 25.Rhg1 Qc7 26.Rxg6 Qf7 27.Qxh5 Rac8 28.Qg4 Rc6 29.h5 Kh7
30.Rg1 Rdc8 31.h6 gxh6 32.Rxh6+  1-0

[Event "TCh-HUN 2012-13"]
[Site "Mako HUN"]
[Date "2013.01.27"]
[Round "6"]
[White "Csirik,A"]
[Black "Gara,T"]
[Result "0-1"]
[WhiteElo "2313"]
[BlackElo "2385"]

1.e4 c5 2.Nf3 d6 3.d4 cxd4 4.Nxd4 Nf6 5.Nc3 Nc6 6.Bg5 e6 7.Qd2 a6 8.O-O-O Bd7
9.f4 b5 10.Nxc6 Bxc6 11.Bd3 Be7 12.e5 dxe5 13.fxe5 Nd7 14.Bxe7 Qxe7 15.Be4 Nxe5
16.Bxc6+ Nxc6 17.Nd5 Qb7 18.Nf4 O-O 19.Qc3 e5 20.Nd5 Nd4 21.Qc5 Rfe8 22.Ne3 Rac8
23.Qa3 f5 24.Kb1 f4 25.Ng4 Kh8 26.Nxe5 Rxe5 27.Rxd4 Qxg2 28.Rdd1 Qxc2+ 29.Ka1 Rec5
30.Rb1 Qa4 31.Qf3 h6 32.Rhe1 Rc2 33.Re4 R2c4 34.b3 Qa3 35.Qxf4 Rc2  0-1

[Event "6th Gora Sw Anny OpA"]
[Site "Gora Swietej Anny POL"]
[Date "2013.01.30"]
[Round "6.4"]
[White "Mulet,P"]
[Black "Dobrowolski,P"]
[Result "0-1"]
[WhiteElo "2241"]
[BlackElo "2417"]

1.e4 c5 2.Nf3 d6 3.d4 cxd4 4.Nxd4 Nf6 5.Nc3 Nc6 6.Bg5 e6 7.Qd2 a6 8.O-O-O Bd7
9.f3 h6 10.Be3 b5 11.Kb1 Be7 12.g4 Ne5 13.Bd3 b4 14.Nce2 d5 15.exd5 Nxd5
16.Nf4 Nxe3 17.Qxe3 Qc7 18.Rhe1 Nxd3 19.Nxd3 O-O 20.Ne5 Rfd8 21.f4 Bc5 22.g5 hxg5
23.fxg5 Be8 24.Nef3 Rd5 25.Qe4 Rad8 26.Rd3 Bxd4 27.Nxd4 Rxg5 28.Nf3 Rf5 29.Ne5 Rxd3
30.Nxd3 a5 31.Qa8 Qc6 32.Qb8 Rb5 33.Qg3 a4 34.Rg1 g6 35.Qh4 b3 36.axb3 axb3
37.cxb3 Rxb3 38.Rc1 Qb5 39.Nc5 Rxb2+ 40.Ka1 Rd2  0-1

[Event "ch-TUR 2013"]
[Site "Antalya TUR"]
[Date "2013.02.03"]
[Round "2.13"]
[White "Durukan,I"]
[Black "Atakisi,U"]
[Result "0-1"]
[WhiteElo "1850"]
[BlackElo "2320"]

1.e4 c5 2.Nf3 d6 3.d4 cxd4 4.Nxd4 Nf6 5.Nc3 Nc6 6.Bg5 Bd7 7.Qd2 h6 8.Bxf6 gxf6
9.O-O-O Nxd4 10.Qxd4 Qa5 11.Kb1 Rc8 12.Bc4 Qc5 13.Bb3 Qxd4 14.Rxd4 Rc5 15.Rd5 a6
16.Rxc5 dxc5 17.Bd5 Bc8 18.a4 e6 19.Bc4 Bd6 20.g3 Ke7 21.f4 Bd7 22.Re1 Bc7
23.Re3 Ba5 24.b3 Rb8 25.Be2 b5 26.axb5 axb5 27.Kb2 c4 28.Bf3 Bb6 29.Re1 Bd4
30.Rd1 e5 31.Rxd4 exd4 32.Nd5+ Kd6 33.Nxf6 Bc6 34.e5+ Kc5 35.Bh5 Rb7 36.Bg4 Ra7
37.Ng8 Kb4 38.Nxh6 Bd5 39.Nf5 c3+ 40.Kb1 d3 41.cxd3 Bxb3 42.Nd4 Ra2 43.Bd1 Rb2+
44.Kc1 Bxd1 45.Kxd1 Rd2+ 46.Kc1 Rxd3 47.Nc2+ Kc5  0-1

[Event "TCh-AUT 2 East 2012-13"]
[Site "Austria AUT"]
[Date "2013.02.03"]
[Round "7.2"]
[White "Bokros,A"]
[Black "Pinter,E"]
[Result "1/2-1/2"]
[WhiteElo "2458"]
[BlackElo "2379"]

1.e4 c5 2.Nf3 Nc6 3.d4 cxd4 4.Nxd4 Nf6 5.Nc3 d6 6.Bg5 Bd7 7.Qd2 Rc8 8.f4 Nxd4
9.Qxd4 Qa5 10.e5 dxe5 11.fxe5 e6 12.O-O-O Bc6 13.Nb5 Bxb5 14.exf6 Bc6 15.h4 g6
16.Bc4 Bc5 17.Qg4 h5 18.Qe2 O-O 19.Rhf1 Qb4 20.a3 Qb6 21.g4 Ba4 22.Rd2 hxg4
23.Qxg4 Bxa3 24.bxa3 Qc5 25.Bd3 Qxa3+ 26.Kd1 Bxc2+ 27.Bxc2 Rxc2 28.Kxc2 Rc8+
29.Kd1 Rc1+ 30.Ke2 Qa6+ 31.Rd3 Rxf1 32.Qd4 Rh1 33.Qd8+ Kh7 34.Qc7 Kg8 35.Qb8+ Kh7
36.Qc7 Kg8 37.Qd6 Qa2+ 38.Bd2 Qb1 39.Qb8+ Kh7 40.Qf4 Qd1+ 41.Ke3 Rf1 42.Qg3 Rxf6
43.Bc3 Qc1+ 44.Ke4 Rf5 45.Be5 Qc6+ 46.Ke3 Qc5+ 47.Bd4 Qc1+ 48.Ke2 Qc2+ 49.Ke3 a5
50.Rc3 Qa2 51.Rc8 Qb3+ 52.Kd2 Qa2+ 53.Ke3 Qb3+ 54.Kd2 Qa2+ 55.Ke3 Qb3+  1/2-1/2

[Event "6th Gora Sw Anny OpA"]
[Site "Gora Swietej Anny POL"]
[Date "2013.02.03"]
[Round "10.5"]
[White "Orzech,D"]
[Black "Dobrowolski,P"]
[Result "0-1"]
[WhiteElo "2372"]
[BlackElo "2417"]

1.Nf3 c5 2.e4 d6 3.Nc3 Nc6 4.d4 cxd4 5.Nxd4 Nf6 6.Bg5 Qb6 7.Nb3 e6 8.Qd2 Be7
9.Bxf6 gxf6 10.Nb5 O-O 11.Nxd6 Rd8 12.Nxc8 Raxc8 13.Bd3 Nb4 14.Qe2 Rxd3 15.cxd3 Nc2+
16.Kd1 Nxa1 17.Nxa1 f5 18.f4 Qa6 19.a3 Qb5 20.exf5 exf5 21.Re1 Bxa3 22.Nc2 Qxb2
23.Qd2 Qb1+ 24.Ke2  0-1

[Event "ch-TUR 2013"]
[Site "Antalya TUR"]
[Date "2013.02.04"]
[Round "4.52"]
[White "Sehitogullari,Halil"]
[Black "Kayaman,M"]
[Result "1-0"]
[WhiteElo "1751"]
[BlackElo "1908"]

1.e4 c5 2.Nf3 Nc6 3.d4 cxd4 4.Nxd4 Nf6 5.Nc3 d6 6.Bg5 e6 7.Qd2 a6 8.O-O-O Bd7
9.f4 Be7 10.Be2 Rc8 11.Bf3 Qc7 12.Rhe1 Nxd4 13.Qxd4 Bc6 14.Kb1 Rd8 15.Qe3 O-O
16.g4 b5 17.h4 Rfe8 18.Ne2 Rc8 19.Rc1 e5 20.f5 Bb7 21.Ng3 d5 22.Bxf6 d4 23.Qd2 Bxf6
24.g5 Bd8 25.f6 g6 26.h5 Qd7 27.hxg6 fxg6 28.Rh1 Rf8 29.Qh2 Rf7 30.Rcg1 Bb6
31.Nf5 Kh8 32.Bg4 Qc7 33.Ng7 Rxg7 34.fxg7+ Qxg7 35.Bxc8 Bxc8 36.Rf1 Bb7 37.Rf8+  1-0